000 00591nam a22002055i 4500
001 48837
003 ES-MaACL
007 t|
008 950906s1868 gw ||||1| eng d
040 _aCAM
_bspa
_cCAM
100 1 _aDixon, William Hepworth.
_944910
245 1 0 _aSpiritual wives /
_cby William Hepworth Dixon.
260 _aLeipzig :
_bBernhard Tauchnitz,
_c1868.
300 _a1 v. ;
_c16 cm.
490 1 _aCollection of British authors
505 8 _aContiene 2 t. en 1 v.
830 0 _aCollection of British authors
_9180703
852 _aES-MaACL
_jG-12683
999 _c48837
_d48837